|
|
|
|
| LEADER |
00000cam a2200000 a 4500 |
| 001 |
vtls008311920 |
| 003 |
SK-MaSNL |
| 005 |
20260301041148.0 |
| 008 |
251001s1958 xo grb nf 000 0 slo |
| 015 |
|
|
|a SNBA1959/02-00270
|
| 015 |
|
|
|a SNBSAB1958
|
| 020 |
|
|
|q (brožované)
|
| 035 |
|
|
|a SK01SNK19590004137
|
| 035 |
|
|
|a urn:nbn:sk:snk-am3ipic
|
| 035 |
|
|
|a C7C8EF8F-AD4E-4B6D-A321-CFACCE1E32E9
|
| 035 |
|
|
|a urn:nbn:sk:snk-am00decf
|
| 035 |
|
|
|a SKM000006600
|
| 040 |
|
|
|a SNK
|b slo
|c SNK
|e AACR2
|
| 041 |
0 |
|
|a slo
|
| 043 |
|
|
|a e-li---
|a e-lv---
|a e-er---
|
| 044 |
|
|
|a xo
|c SK
|
| 080 |
|
|
|a 908(474.5)
|2 2011
|
| 080 |
|
|
|a 908(474.3)
|2 2011
|
| 080 |
|
|
|a 908 (474.2)
|2 2011
|
| 080 |
|
|
|a (035)
|2 2011
|
| 080 |
|
|
|a (01)-048.58
|2 2011
|
| 100 |
1 |
|
|a Rohlena, Alois
|4 aut
|9 61811
|
| 245 |
1 |
0 |
|a Sovietska Litva, Lotyšsko a Estónsko
|n I.
|c Alois Rohlena
|
| 260 |
|
|
|a V Bratislave
|b Slovenský výbor Sväzu československo-sovietskeho priateľstva
|c 1958
|e Malacky
|f Západoslovenské tlačiarne
|
| 300 |
|
|
|a 75 strán
|c 20 cm
|
| 490 |
1 |
|
|a Poznávame Sovietsky sväz
|v číslo 35-36/1958
|
| 500 |
|
|
|a Názov z obálky
|
| 504 |
|
|
|a Bibliografia na strane 75 ; zoznam litovskej, lotyšskej a estónskej literatúry vydanej u nás od roku 1945
|
| 650 |
0 |
7 |
|a reálie
|2 SNKPH
|9 3876
|
| 651 |
|
7 |
|a Litva
|2 SNKPHgeo
|9 25602
|
| 651 |
|
7 |
|a Lotyšsko
|2 SNKPHgeo
|9 25164
|
| 651 |
|
7 |
|a Estónsko
|2 SNKPHgeo
|9 16967
|
| 655 |
|
7 |
|a príručky
|2 SNKPH
|9 74364
|
| 655 |
|
7 |
|a výberové bibliografie
|2 SNKPH
|9 70561
|
| 752 |
|
|
|a Slovensko
|d Bratislava
|
| 830 |
|
0 |
|a Poznávame Sovietsky sväz
|9 307091
|
| 852 |
|
|
|a Slovenská národná knižnica
|
| 958 |
|
|
|a EUIPO
|
| 958 |
|
|
|a OND
|
| 958 |
|
|
|a TL
|
| 958 |
|
|
|a NB
|
| 958 |
|
|
|a RK
|
| 958 |
|
|
|a SF
|
| 999 |
|
|
|c 587741
|d 589671
|
| 952 |
|
|
|a SNK
|b SNK
|y PREZ
|7 0
|p 17A0781154
|o snkSC 7666/1958/35-36
|i snkKSP 4500/58
|0 0
|1 0
|4 0
|d 2012-03-05
|f 1
|l 0
|r 2025-07-04 00:00:00
|w 2026-02-23
|
| 952 |
|
|
|a SNK
|b SNK
|y VYP
|7 0
|p 17A0186640
|o snkSC 7666/1958/35-36 D1
|0 0
|1 0
|4 0
|d 1999-03-23
|l 0
|r 2005-01-02 00:00:00
|w 2026-02-23
|
| 952 |
|
|
|a SNK
|b SNK
|y VYP
|7 0
|p 17A0512615
|o snkSC 7666/1958/35-36 D2
|i snkF 269/65
|8 5
|0 0
|1 0
|4 0
|d 2006-06-12
|l 0
|r 2026-02-23 15:14:29
|w 2026-02-23
|